Analysis I (Record no. 4399)
[ view plain ]
| 000 -LEADER | |
|---|---|
| fixed length control field | 00489 a2200169 4500 |
| 000 - LEADER | |
| fixed length control field | BKB |
| 001 - CONTROL NUMBER | |
| control field | 071042 |
| 005 - DATE AND TIME OF LATEST TRANSACTION | |
| control field | 20200902150921.0 |
| 008 - FIXED-LENGTH DATA ELEMENTS--GENERAL INFORMATION | |
| fixed length control field | |
| 082 ## - DEWEY DECIMAL CLASSIFICATION NUMBER | |
| Classification number | 515 |
| Item number | A13A |
| 100 1# - MAIN ENTRY--PERSONAL NAME | |
| Personal name | Amann, Herbert |
| 245 1# - TITLE STATEMENT | |
| Title | Analysis I |
| Statement of responsibility, etc | by Herbert Amann and Joachim Escher |
| 260 ## - PUBLICATION, DISTRIBUTION, ETC. (IMPRINT) | |
| Place of publication, distribution, etc | Boston |
| Name of publisher, distributor, etc | Birkhauser |
| Date of publication, distribution, etc | 2005 |
| 300 ## - PHYSICAL DESCRIPTION | |
| Extent | 426p. |
| 690 ## - LOCAL SUBJECT ADDED ENTRY--TOPICAL TERM (OCLC, RLIN) | |
| Topical term or geographic name as entry element | Global analysis (Mathematics); Mathematics; Mathematical analysis |
| 700 ## - ADDED ENTRY--PERSONAL NAME | |
| Personal name | Escher, Joachim |
| Numeration | |
| Titles and other words associated with a name | |
| Withdrawn status | Lost status | Damaged status | Not for loan | Home library | Current library | Date acquired | Cost, normal purchase price | Total Checkouts | Full call number | Barcode | Date last seen | Price effective from | Koha item type |
|---|---|---|---|---|---|---|---|---|---|---|---|---|---|
| Central University Of Rajasthan | Central University Of Rajasthan | 07/03/2012 | 3717.50 | 515 A13A | 5329 | 21/11/2024 | 02/09/2020 | Books |
